Poslanci prijali nariadenie na ochranu verejného poriadku

Bibliographic Details
Format: Article
Language:Slovak
ISSN:1335-7581
Subjects:

MARC

LEADER 00000nab a2200000 a 4500
001 vtls008998788
003 SK-MaSNL
005 20260303065856.0
008 070613c20070602xo mr| 0 0slo
038 |a RVGKPD 
040 |a RVGKPD  |b slo  |c RVGKPD  |e AACR2 
041 |a slo 
044 |a xo  |c SK 
080 |a 352.9  |2 1997 
245 0 0 |a Poslanci prijali nariadenie na ochranu verejného poriadku  |c [autor] (ela) 
610 1 7 |a Rožňava (Slovensko).  |b Mestské zastupiteľstvo  |2 rvgkpd  |9 58429 
650 0 7 |a všeobecne záväzné nariadenia  |2 rvgkpd  |9 407149 
651 7 |a Rožňava (Slovensko)  |2 rvgkpd  |9 17394 
773 0 |t Korzár : Gemerský denník  |g Roč. IX, č. 126 (2.6.2007), s. 1  |x 1335-7581 
852 |a RVGKPD  |b KIS3G 
992 |a RBX 
999 |c 1753099  |d 1755029